Normal view
MARC view
Entry Personal Name
001 - CONTROL NUMBER
- control field: 85213
003 - CONTROL NUMBER IDENTIFIER
- control field: dpl
005 - DATE AND TIME OF LATEST TRANSACTION
- control field: 20250926103821.0
008 - FIXED-LENGTH DATA ELEMENTS
- fixed length control field: 250926|| aca||aabn | a|a d
040 ## - CATALOGING SOURCE
- Original cataloging agency: dpl
- Transcribing agency: dpl
100 ## - HEADING--PERSONAL NAME
- Personal name: Radhey Sir
670 ## - SOURCE DATA FOUND
- Source citation: Work cat.: (dpl)213460: Radhey Sir, Railway Reasoning 5000+ Questions/, 2025
